000 00884nam a2200253 i 4500
003 DO-SdBNP
005 20250429153551.0
007 ta
008 250429b2024 dr c|||| |||| 00| 0 spa d
020 _a9789945188110
040 _aDO-SdBNP
_bspa
_cBNPHU
_erda
082 _axxxx
_bL961
_222
100 1 _aLuna Hidalgo, Ramón
_d1971-
_eautor
_4aut.
_987065
245 1 4 _aMás biografías :
_bpersonas valiosas del Municipio de Las Guáranas /
_cRamón Luna Hidalgo (Homero)
264 _aSan Francisco de Macorís, República Dominicana :
_bEditora Rafy,
_c2024.
300 _a300 páginas :
_bretratos
_c21 cm.
336 _atexto
_btxt
_2rdacontent
337 _asin mediación
_bn
_2rdamedia
338 _avolumen
_bnc
_2rdacarrier
500 _aIncluye datos biografícos del autor en la contraportada.
590 _aInventariado, 2025/ YL
910 _aYLockward
942 _2ddc
_cLBS1
999 _c58235
_d58235